000 01561cam a2200409 a 4500
001 14773952
003 OSt
005 20140310182701.0
008 070319s2007 maua 000 0 eng
010 _a 2007272894
020 _a9781413020533 (pbk. : student's bk.)
020 _a9789814281805
020 _a9781413020861 (CD)
020 _a1413020860 (CD)
040 _aDLC
_cDLC
_dDLC
050 0 0 _aPE 1128
_b.W721 2007
082 _aM 424.24076
_bW724 2009
100 1 _aWilliams, Ivor.
245 1 0 _aEnglish for science and engineering /
_cWilliams, Ivor
260 _aBoston, Mass. :
_bThomson,
_cc2007.
300 _avi, 106 p. :
_bill. ;
_c28 cm. +
_e1 sound disc (digital ; 4 3/4 in.)
490 0 _aProfessional English
520 8 _a"Suitable for university students and professionals specializing or working in any of the fields of science or engineering."--Cover p. 4.
521 _a Highschool to College student
526 _c 0L to 1700L
541 _j1
541 _j2
562 _efor circulation. 2 copies available in the collection
650 0 _aEnglish language
_vTextbooks for foreign speakers.
650 0 _aEnglish language
_xTechnical English
_vProblems, exercises, etc.
650 0 _aEngineering
_xTerminology.
650 0 _aScience
_vTerminology.
856 4 1 _3Table of contents only
_uhttp://www.loc.gov/catdir/toc/fy0713/2007272894.html
906 _a7
_bcbc
_corigres
_d2
_encip
_f20
_gy-gencatlg
942 _2lcc
_cBK
_mM
999 _c15166
_d15166